000 00938cab a2200277 4500
001 WB2946-17
008 090401t1993 xxu||||| |||| 00| 0 eng d
035 _a(Sirsi) u86605
041 _aeng
245 _aWorldly wise in half a second
260 _c1993
350 _a0
490 _aFinancial Times
_v10 December 1993, 14(1)
520 _aTrafalgar House Engineering`s global electronic office links 38 separate offices across 12 countries. Facilities include video conferencing on some sites, electronic mail and computer to computer data transfer.
650 _aCOMPUTERS
650 _aELECTRONIC CORRIDORS
650 _aELECTRONIC MAIL
650 _aELECTRONIC OFFICES
650 _aGLOBAL OFFICE SYSTEM
650 _aNETWORKING
650 _aTRAFALGAR HOUSE ENGINEERING
650 _aVIDEO CONFERENCING
690 _aMANAGEMENT-BUSINESS MANAGEMENT-INFORMATION MANAGEMENT
942 _n0
948 _c04/03/1997
999 _c54529
_d54529